Golf tips for pros

Bibliographic Details
Other Authors: Grant, Trevor
Format: Book
Published: Australia. : Viking O Neil. , 1998
Subjects:

MARC

LEADER 00000cam a2200000 7i4500
001 0000009277
002 000010107
005 20000330.0
020 |a 0670900885 
090 0 0 |a 796.3523   |b GOL 
245 1 0 |a Golf tips for pros   |c compiled by Trevor Grant 
260 |a Australia. :   |b Viking O Neil. ,   |c 1998 
300 |a 117 p. :   |b ill ;   |c 24 cm. 
650 0 0 |a Golf tips 
700 1 |a Grant, Trevor 
999 |a 051185   |b BUKU   |c PINJAMAN   |e PERPUSTAKAAN KOMUNITI PETALING JAYA